TV by T-Shirt Quiz Stats

Quiz Updated May 7, 2015

Also try: Sitcoms by T-Shirt
Challenge
Share
Tweet
Score 0/24 Timer 07:00
1 Play Today
% Correct
Batman (The TV Series)
99.6%
The Simpsons
98.7%
Popeye
96.1%
Garfield
95.1%
South Park
94.5%
The Pink Panther
93.5%
Star Trek
89.6%
The Walking Dead
88.2%
Duck Dynasty
76.9%
Mighty Morphin Power Rangers
76.9%
Doctor Who
72.4%
American Dad
70.4%
% Correct
Johnny Bravo
67.2%
It's Always Sunny in Philadelphia
58.3%
Adventure Time
56.2%
Breaking Bad
53.6%
King of the Hill
46.1%
Glee
35.4%
Courage the Cowardly Dog
32.1%
X-Files
29%
Battlestar Galactica
27.7%
Californication
26.7%
Chuck
25.9%
Vikings
25.7%

You're not logged in!

Compare scores with friends on all Sporcle quizzes.
Sign Up with Email
OR
Log In

You Might Also Like...

Show Comments

Extras

Top Quizzes Today


Score Distribution

Your Account Isn't Verified!

In order to create a playlist on Sporcle, you need to verify the email address you used during registration. Go to your Sporcle Settings to finish the process.